Manual of Civil Services Laws in Pakistan / (Record no. 616038)

000 -LEADER
fixed length control field 00360nam a22001217a 4500
082 ## - DEWEY DECIMAL CLASSIFICATION NUMBER
Classification number 342.5491068
Author Mark CHA
100 ## - MAIN ENTRY--PERSONAL NAME
Personal name Chaudhary, Ehsan-ul-haq
245 ## - TITLE STATEMENT
Title Manual of Civil Services Laws in Pakistan /
Statement of responsibility, etc. Ehsan-ul-haq Chaudhary
260 ## - PUBLICATION, DISTRIBUTION, ETC.
Place of publication, distribution, etc. Islamabad :
Name of publisher, distributor, etc. Manzoor Law Book House,
Date of publication, distribution, etc. 2015.
300 ## - PHYSICAL DESCRIPTION
Extent 1525 p. ;
Dimensions 25 cm.
563 ## - BINDING INFORMATION
Binding note HB.
942 ## - ADDED ENTRY ELEMENTS (KOHA)
Source of classification or shelving scheme
Koha item type Book
Holdings
Withdrawn status Lost status Source of classification or shelving scheme Damaged status Not for loan Permanent Location Current Location Date acquired Source of acquisition Total Checkouts Full call number Barcode Date last seen Price effective from Koha item type
          NUST Law School (NLS) NUST Law School (NLS) 02/03/2026 Donated by Fahad Hashmi Account Officer S3H & NLS   342.5491068 CHA NLSD-423 02/03/2026 02/03/2026 Book
© 2023 Central Library, National University of Sciences and Technology. All Rights Reserved.